000 00170 a2200097 4500
001 3461
100 _aHodson, H V
245 _a
260 _a
_b
_c
090 _c2727
_d2727
942 _aNUST-CAE
_c
_c19191
999 _c238534
_d238534